00364nam a22001097a 4500082001300000100001800013245011300031260003700144300002000181650003300201700002000234 a620.0011 aJamshed, Zoha aSystems Engineering Security Framework for Analyzing and Combating Cyber Threats on Big Data /cZoha Jamshed aIslamabad : bMCS - NUST,c2018. a140 p. ;c30cm. aSystem Engineering-MS-Thesis aDr. Rabia Latif